00333nam a22001097a 4500020001800000082001500018100003100033245002700064260004800091300000900139650007500148 a81-219-2463-4 a330 DEW/MO aDr.K K DewettaM H Navalur aModern Economic Theory aNew DelhibShyam Lal Charitable Trustc2010 a1000 aprice theory of macro economicsatheory of productionaproduct pricing